Sound stupidity (Record no. 15331)

000 -LEADER
fixed length control field 00413pab a2200145 454500
008 - FIXED-LENGTH DATA ELEMENTS--GENERAL INFORMATION
fixed length control field 180718b1987 xxu||||| |||| 00| 0 eng d
100 ## - MAIN ENTRY--PERSONAL NAME
Personal name Roberts, Hugh
245 ## - TITLE STATEMENT
Title Sound stupidity
Remainder of title The British part, system and the Northern Ireland question
260 ## - PUBLICATION, DISTRIBUTION, ETC.
Date of publication, distribution, etc. 1987
300 ## - PHYSICAL DESCRIPTION
Extent 315-35
362 ## - DATES OF PUBLICATION AND/OR SEQUENTIAL DESIGNATION
Dates of publication and/or sequential designation Summer
650 ## - SUBJECT ADDED ENTRY--TOPICAL TERM
Topical term or geographic name entry element Political Parties - Northern Ireland
773 ## - HOST ITEM ENTRY
Main entry heading Government and Opposition
909 ## -
-- 15331
Holdings
Withdrawn status Lost status Damaged status Not for loan Permanent Location Current Location Date acquired Serial Enumeration / chronology Barcode Date last seen Price effective from Koha item type
        Indian Institute of Public Administration Indian Institute of Public Administration 2018-07-19 Volume no: 22, Issue no: 3 AR15387 2018-07-19 2018-07-19 Articles

Powered by Koha